Estadísticas para Prueba de Kazajistán

Haz click aquí para tomar la prueba!

Estadísticas generales

  • Esta prueba ha sido tomada 542 veces
  • La puntuación promedio es 14 de 20

Estadísticas de respuestas

PistaRespuesta% Correcto
Países que limitan con KazajistánRusia
98%
Países que limitan con KazajistánKirguistán
95%
País del que Kazajistán obtuvo su independencia en 1991Unión Soviética
94%
Países que limitan con KazajistánUzbekistán
94%
La religión más practicadaIslam
93%
Países que limitan con KazajistánChina
92%
Países que limitan con KazajistánTurkmenistán
91%
La antigua ruta comercial que pasaba por KazajistánRuta de la {Seda}
85%
Capital de KazajistánAstaná
84%
El mar interior más grande del mundo, que limita con KazajistánMar Caspio
82%
Kan que conquistó la región en 1200Gengis Kan
77%
La exportación más importantePetróleo
76%
Nombre anterior de la capital, 2019-2022Nursultan
66%
El animal que algunos creen que fue domesticado por primera vez en la regiónCaballo
63%
Anteriormente el cuarto lago más grande del mundo, ahora mayormente evaporadoMar de Aral
55%
La ciudad más pobladaAlmaty
41%
El kazajo ficticio más famoso (en el mundo occidental)Borat
40%
Gran parte de Kazajistán consiste en este bioma de pastizales de EurasiaEstepa
40%
El Cosmódromo de Baikonur, actualmente arrendado a Rusia,
es el mayor ____ ____ del mundo
Puerto {espacial}
38%
Fiesta celebrada el 7 de eneroNavidad
30%

Distribución de puntuación

Porcentaje por número respondido

Porcentaje de gente con cada puntuación

Historial de tus puntuaciones

No has tomado esta prueba